00993nam a22002537a 45000010005000000030006000050050017000110080041000280200018000690400029000870820008001161000020001242450038001442500029001822600040002113000049002515050008003005200295003085210020006035210020006236500026006436500024006697000046006939824FISKH20260302163102.0260302b cb ||||| |||| 00| 0 eng d a9781848109056 aFISKHbengcFISKHdFISKH a520 aBecklake , Sue  aSpot 50 space / cby Sue Becklake aFirst published in 2012  aEssex , UK :bMiles Kelly , c2012. a56 pages : bcolor illustrations ;c25 cm .  aR  aThese fantastic spotter's guides have 50 entries per book, divided into clear sections. Each entry is illustrated and accompanied by detailed labels, key information and a fact file. Clear, descriptive labels throughout Photographs or highly realistic illustrations make identification easy8 a720 bLexile 8 aR bRaz-Plus  aWeather vNon-fiction aEarth vNon-fiction aGallagher , BelindaePublishing Director